000 00271nam a22001217a 4500
008 170623b xxu||||| |||| 00| 0 eng d
041 _aeng
080 _a94
100 _a18
101 _aSHP
245 _aTHE DYNAMICS OF MODERNIZATION
_cBLACK.C.E
942 _2udc
_cBK
999 _c18880
_d18880